Satellites naturels du système solaire par image - Statistiques

Statistiques générales
  • Ce quiz a été pris 264 fois
  • Le résultat moyen est 4 sur 9
Statistiques - réponses
Par images Réponse % Correct
Lune
100%
Io
58%
Europe
55%
Titan
48%
Phobos
47%
Ganymede
37%
Callisto
33%
Charon
19%
Mimas
10%
Aucun quiz correspondant
Distribution des résultats
% des personnes avec chaque résultat
Percentile par nombre de réponses
Votre historique - résultats
Vous n’avez pas pris ce quiz